| 000 | 00630nam a2200181 u 4500 | ||
|---|---|---|---|
| 001 | 000020465 | ||
| 005 | 20200930011121.0 | ||
| 008 | 100809s2015 dr r 000 0 spa d | ||
| 020 | _a9789945167054 | ||
| 040 |
_aDO-SdBNP _bspa _cBNPHU |
||
| 082 |
_axxx _bxxx |
||
| 100 | 1 |
_aCross Frías, Elvira angélica _d1941 _927665 |
|
| 245 | 1 | 0 |
_aSobre el patrimonio cultural : _bmueble, inmueble e intangible /. / _cElvira Angélica Cross Frías. |
| 260 |
_aSanto Domingo, : _bBúho, _c2015. |
||
| 300 |
_a69 p. ; _c23 cm. |
||
| 500 | _aIncluye datos biografícos de la autora en la solapa de la cubierta. | ||
| 590 | _aInventariado, 2018/ YL | ||
| 999 |
_c19969 _d19969 |
||